000
00398nam a2200133Ia 4500
008
100328s9999 xx 000 0 und d
082
_b
6031
100
_a
वरेरकर भार्गवराम विठ्ठल
245
_a
स्वैर संचार
260
_b
---
630
_a
स्वैर संचार
730
_a
स्वैर संचार
942
_c
BOOK
999
_c
501972
_d
501969